000 00327nam a2200121Ia 4500
008 240731s9999 xx 000 0 und d
022 _a2313-1810
245 0 _aSouthern African Journal of Infectious Diseases
260 _bTaylor & Francis
856 _uhttps://www.tandfonline.com/loi/ojid20
942 _2ddc
942 _cTFEJ
999 _c79498
_d79498
945 _a1
_bMadushi Gamage
_c1
_dMadushi Gamage